| 000 | 00461nam a2200193Ia 4500 | ||
|---|---|---|---|
| 005 | 20250425162649.0 | ||
| 008 | 250425s9999 xx 000 0 und d | ||
| 020 | _a9789251059630 | ||
| 041 | _aeng | ||
| 082 | _a639.2 | ||
| 245 | 0 | _aA FISHERY MANAGER'S GUIDEBOOK | |
| 250 | _aSECOND EDITION | ||
| 260 |
_aEstados Unidos _bWILEY BLACKWELL _c2009 |
||
| 260 | _aNEW YORK | ||
| 300 | _a518 | ||
| 650 | _aPESQUERIA-NORMAS | ||
| 942 | _c01 | ||
| 010 | _a95091 | ||
| 999 |
_c233884 _d233884 |
||